000 00866cab a22002055a 4500
001 L153924
008 110921e20110916xxk 000 0 eng d
035 _a(Sirsi) u153924
041 0 _aeng
100 1 _aMcMeeken, Roxane
245 0 0 _aAny life out there?
260 _a2011
490 _aBuilding
_v276 (8695) 16 September 2011, 36-43(5)
520 _aComments on this year's contractor salary survey compiled by Hays Construction; case studies from Mace, 8build; top 10 salary rises and falls by job title; tables of pay in 2010 in UK regions for quantity surveyors, planners, estimators, engineers, buyers, contract/project managers and site managers.
590 _aKA
651 4 _aUnited Kingdom
_y
690 _aMANAGEMENT-BUSINESS MANAGEMENT-HUMAN RESOURCE MANAGEMENT
690 _aCAREERS, EDUCATION AND TRAINING-CAREERS IN SURVEYING
942 _n0
999 _c83419
_d83419